Представление документа в формате RUSMARC

ПолеНазваниеЗначение
  Тип записи a
  Библиографический уровень m
001 Контрольный номер RU/CBS_UL/BASE/663689699
005 Дата корректировки 20240209174944.7
010 Индекс ISBN __
a ISBN 978-5-9795-2045-2
d Цена 15 р. 00 к.
9 Тираж 125 экз.
100 Данные общей обработки __
a Данные общей обработки 20200703d2020 ||| 0rusy0189 ca
101 Язык документа 0_
a Язык текста eng
102 Страна публикации __
a Страна публикации RU
105 Кодированные данные (монография) __
a Кодированные данные (монография) y###||||000|y
181 Поле кодированных данных: вид содержания _1
a Код вида содержания (ISBD) i#
b Код характеристики содержания (ISBD) #xxe##
d i
g x
h x
i e
182 Поле кодированных данных: тип средства _1
a Код типа средства (ISBD) n
2 Код системы (источник кода, отличный от ISBD) isbdmedia
200 Заглавие и сведения об ответственности 1_
a Заглавие Медиапроектирование и графический дизайн
b Общее обозначение материала Текст
e Сведения, относящиеся к заглавию учебное пособие по английскому языку для бакалавров 1-2 курса очной и заочной форм обучения
e Сведения, относящиеся к заглавию [в двух частях]
g Последующие сведения об ответственности сост. А. А. Мелихова
g Последующие сведения об ответственности Министерство науки и высшего образования Российской Федерации, Федеральное государственное бюджетное образовательное учреждение высшего образования "Ульяновский государственный технический университет"
h Номер части Ч. 2. Graphic design
w Текст (визуальный) : непосредственный
203 Вид содержания и тип средства __
a Вид содержания Текст
b Характеристика содержания визуальный
c Тип средства непосредственный
210 Выходные данные 1_
a Место издания Ульяновск
c Издательство УлГТУ
d Дата издания 2020
215 Физическое описание __
a Объем 50 с.
c Иллюстрации/тип воспроизводства ил.
d Формат 20 см.
333 Примечание о целевом назначении __
a Примечание о целевом назначении 16+
606 Тематические рубрики 0_
a Основная рубрика Компьютеры - Медиапроектирование и графический дизайн
610 Ключевые слова 0_
a Ключевые слова компьютеры
a Ключевые слова графика компьютерная
a Ключевые слова пакеты графические
a Ключевые слова медиапроектирование
a Ключевые слова дизайн графический
a Ключевые слова пособия для вузов
a Ключевые слова пособия учебные
686 Индексы других классификаций __
a Классификационный индекс 32.973.26я73
2 Код системы rubbk
801 Источник записи _0
a Страна RU
b Организация МБУК ЦБС
c Дата составления 20200703
g Правила каталогизации RCR
801 Источник записи _1
a Страна RU
b Организация МБУК ЦБС г. Ульяновска
c Дата составления 20200703
g Правила каталогизации RCR
899 Данные о местонахождении __
i Авторский знак М 42
j Расстановочный фильтр 32.973.26
901 Тип документа __
t Тип документа m
910 Корректоры записи __
a Корректор записи Мотина